Simpulan bahasa

Bibliographic Details
Main Author: Mazlan Ismail
Format: Book
Published: Selangor : Marshall Cavendish (Malaysia) Sdn Bhd , 2008
Series:Siri kamus 1088
Subjects:

MARC

LEADER 00000cam a2200000 7i4500
001 0000022361
005 20080727.0
008 080727
020 |a 9833347363 
090 0 0 |a 372.69928   |b LAN 
100 0 |a Mazlan Ismail 
245 1 0 |a Simpulan bahasa   |c Mazlan Ismail 
260 |a Selangor :   |b Marshall Cavendish (Malaysia) Sdn Bhd ,   |c 2008 
440 |a Siri kamus 1088 
650 0 |a Proverb, Malay   |x Dictionaries 
999 |a 0001036022   |b Book   |c Adult Collection   |e Cawangan Muar 
999 |a 0001036023   |b Book   |c Children Collection   |e Perbadanan Perpustakaan Awam Johor 
999 |a 0001036024   |b Book   |c Teenagers   |e Perbadanan Perpustakaan Awam Johor 
999 |a 0001036025   |b Book   |c Children Collection   |e Perbadanan Perpustakaan Awam Johor 
999 |a 0001036026   |b Book   |c Teenagers   |e Perbadanan Perpustakaan Awam Johor